000 00233nam a2200097Ia 4500
001 1249811
005 20251031150843.0
008 251031s9999 xx 000 0 und d
245 0 _cANONİM
_aS-3 BİSİKLET
260 _bDAMLA YAYINEVİ
999 _c1249811
_d1249811